James Marriott - All Songs - Statistics

General Stats
  • This quiz has been taken 197 times
  • The average score is 24 of 31
Answer Stats
Answer % Correct
Bitter Tongues Grapes
97%
No Left Brain Him
91%
Single Slow Down
88%
No Left Brain Calling
86%
Don't Tell The Dog Toothache
86%
Are We There Yet? Don't Blame Me
85%
Bitter Tongues Sleeping On Trains
85%
Bitter Tongues Car Lights
82%
Don't Tell The Dog Ventriloquist
82%
Are We There Yet? Going Postal At The Party
81%
Are We There Yet? White Noise
81%
Don't Tell The Dog Limbs
80%
Are We There Yet? Romanticise This
79%
Bitter Tongues Where Has Everyone Gone
79%
No Left Brain New Face
78%
Single Wake Up!
77%
Bitter Tongues Gold
76%
Don't Tell The Dog Plasticine
76%
Are We There Yet? So Long
76%
Don't Tell The Dog Why Don't You Kill Me?
76%
Don't Tell The Dog Something's Wrong
75%
Don't Tell The Dog Food Poisoning
74%
Are We There Yet? Denial
72%
Don't Tell The Dog Pillow Fight
71%
Don't Tell The Dog It's Only Love
70%
Are We There Yet? You Are Here
69%
Are We There Yet? Over My Head
66%
Are We There Yet? The Other Side
65%
Don't Tell The Dog How Could I Say No
64%
Are We There Yet? In Between
62%
Don't Tell The Dog I Don't Want To Live Like This Anymore
50%
No matching quizzes found
Score Distribution
Percent of People with Each Score
Percentile by Number Answered
Your Score History
You have not taken this quiz